Mount Sinai expert guides. Hepatology /

Mount Sinai Expert Guides: Hepatology will provide gastroenterology and hepatology trainees with an extremely clinical and accessible handbook covering the major liver diseases and symptoms, their diagnosis and clinical management. Perfect as a point-of-care resource on the hospital wards and also a...

Full description

Bibliographic Details
Other Authors: Ahmad, Jawad (Hepatologist) (Editor), Friedman, Scott L. (Editor), Dancygier, Henryk (Editor)
Format: eBook
Language:English
Published: Chichester, West Sussex, UK : John Wiley & Sons Ltd, 2014.
Subjects:
Online Access:Connect to the full text of this electronic book

MARC

Tag First Indicator Second Indicator Subfields
LEADER 00000nam a2200000 i 4500
001 in00004682000
006 m o d
007 cr |||||||||||
008 150504s2014 enk ob 001 0 eng
005 20260214232239.9
010 |a  2015299038 
020 |a 9781118742525  |q (epub) 
020 |a 1118742524  |q (epub) 
020 |a 9781118742518  |q (emobi) 
020 |a 1118742516  |q (emobi) 
020 |a 9781118742532  |q (epdf) 
020 |a 1118742532  |q (epdf) 
020 |a 9781118748626  |q (obook) 
020 |a 111874862X  |q (obook) 
020 |z 9781118517345  |q (alk. paper) 
020 |z 1118517342 
035 |a wil6007436 
035 |a (DLC)wil6007436 
037 |a 1603263  |b EBL 
040 |a DLC  |b eng  |e rda  |e pn  |c DLC 
042 |a pcc 
050 0 0 |a RC845  |b .M68 2014 
060 1 0 |a WI 700 
082 0 0 |a 616.3/62  |2 23 
245 0 0 |a Mount Sinai expert guides.  |p Hepatology /  |c edited by Jawad Ahmad, Scott L. Friedman, Henryk Dancygier. 
246 3 |a Hepatology 
264 1 |a Chichester, West Sussex, UK :  |b John Wiley & Sons Ltd,  |c 2014. 
300 |a 1 online resource 
336 |a text  |b txt  |2 rdacontent 
337 |a computer  |b c  |2 rdamedia 
338 |a online resource  |b cr  |2 rdacarrier 
504 |a Includes bibliographical references and index. 
588 0 |a Print version record. 
505 0 |a Cover; Title page; Copyright page; Contents; List of Contributors; Series Foreword; Preface; Abbreviation List; About the Companion Website; PART 1: Hepatology; CHAPTER 1: Approach to the Patient with Abnormal Liver Tests; Section 1: Background; Definition of disease; Disease classification; Etiology; Pathology/pathogenesis; Section 2: Prevention; Section 3: Diagnosis; Typical presentation; Clinical diagnosis; Laboratory diagnosis; Diagnostic algorithm; Potential pitfalls/common errors made regarding diagnosis of disease; Section 4: Treatment; When to hospitalize. 
505 8 |a Section 5: Special PopulationsPregnancy; Section 6: Prognosis; Section 7: Reading List; Section 8: Guidelines; National society guidelines; Section 9: Evidence; Section 10: Images; CHAPTER 2: Approach to the Patient with Jaundice; Section 1: Background; Definition of disease; Disease classification; Incidence/prevalence; Etiology; Pathology/pathogenesis; Section 2: Prevention; Section 3: Diagnosis; Typical presentation; Clinical diagnosis; Laboratory diagnosis; Diagnostic algorithm; Potential pitfalls/common errors made regarding diagnosis of disease; Section 4: Treatment; Treatment rationale. 
505 8 |a When to hospitalizeTable of treatment; Prevention/management of complications; Section 5: Special Populations; Pregnancy; Children; Elderly; Section 6: Prognosis; Natural history of untreated disease; Prognosis for treated patients; Follow-up tests and monitoring; Section 7: Reading List; Section 8: Guidelines; National society guidelines; Section 9: Evidence; Section 10: Images; CHAPTER 3: Drug-Induced Liver Injury; Section 1: Background; Definition of disease; Disease classification; Incidence/prevalence; Economic impact; Etiology; Pathology/pathogenesis; Predictive/risk factors. 
505 8 |a Section 2: PreventionScreening; Primary prevention; Secondary prevention; Section 3: Diagnosis; Differential diagnosis; Typical presentation; Clinical diagnosis (Algorithm 3.1); Laboratory diagnosis; Potential pitfalls/common errors made regarding diagnosis of disease; Section 4: Treatment; Treatment rationale (Algorithm 3.2); When to hospitalize; Managing the hospitalized patient; Table of treatment; Prevention/management of complications; Section 5: Special populations; Section 6: Prognosis; Natural history of untreated disease; Section 7: Reading List; Suggested website. 
505 8 |a Section 8: GuidelinesNational society guidelines; Section 9: Evidence; Section 10: Images; CHAPTER 4: Hepatitis A and E; Section 1: Background; Definition of disease; Incidence/prevalence; Economic impact; Etiology; Pathology/pathogenesis; Predictive/risk factors; Section 2: Prevention; Screening; Primary prevention; Secondary prevention; Section 3: Diagnosis; Differential diagnosis; Typical presentation; Clinical diagnosis; Laboratory diagnosis; Potential pitfalls/common errors made regarding diagnosis of disease; Section 4: Treatment (Algorithm 4.1); Treatment rationale; When to hospitalize. 
520 |a Mount Sinai Expert Guides: Hepatology will provide gastroenterology and hepatology trainees with an extremely clinical and accessible handbook covering the major liver diseases and symptoms, their diagnosis and clinical management. Perfect as a point-of-care resource on the hospital wards and also as a refresher for board exam preparation, the focus throughout is on providing rapid reference, essential information on each disease to allow for quick, easy browsing and assimilation of the must-know information. All chapters follow a consistent template including the follo. 
650 0 |a Liver  |x Diseases. 
650 0 |a Liver  |x Transplantation. 
650 1 2 |a Liver Diseases 
650 2 2 |a Liver Transplantation 
655 4 |a Electronic books. 
700 1 |a Ahmad, Jawad  |c (Hepatologist),  |e editor. 
700 1 |a Friedman, Scott L.,  |e editor. 
700 1 |a Dancygier, Henryk,  |e editor. 
776 0 8 |i Print version:  |t Mount Sinai expert guides. Hepatology.  |d Chichester, West Sussex, UK : John Wiley & Sons Ltd, 2014  |z 9781118517345  |w (DLC) 2013024785 
856 4 0 |u http://proxy.library.tamu.edu/login?url=https://onlinelibrary.wiley.com/book/10.1002/9781118748626  |z Connect to the full text of this electronic book  |t 0 
955 |a Wiley EBA record 
975 |p Wiley UBCM Full Collection 2026 
999 f f |s 380c1fc5-b574-45ee-9293-06d80ee2ab81  |i d44aafb2-c980-45dc-afbe-b63b4477ae06  |t 0 
952 f f |a Texas A&M University  |b College Station  |c Electronic Resources  |s evans_pda  |d Available Online  |t 0  |e RC845 .M68 2014  |h Library of Congress classification 
998 f f |a RC845 .M68 2014  |t 0  |l Available Online